000 00308nam a22001217a 4500
999 _c9369
_d9369
003 OSt
008 201203b ||||| |||| 00| 0 eng d
245 _aHighway Research Record
250 _a2012 - 13(No.40)
260 _aNew Delhi
_bIRC Highway Research Board
650 _aCivil Engineering
942 _2ddc
_cBV